000 00535nmm a2200169Ia 4500
008 251105s9999||||xx |||||||||||||||||und||
020 _a9788476589182
041 _aspa
100 _aBensussan, Gérard
245 0 _aFranz Rosenzweig :
_b Existencia y filosofía
264 _a[Madrid, España] :
_bAnthropos,
_c2009
300 _a122 páginas
490 _aPensamiento crítico / Pensamiento utópico: crítica y utopía
650 _aPhilosophy, Ethics
856 _uhttps://public.digitaliapublishing.com/a/13304
942 _cCF
999 _c85235
_d85235